000 00371nam a22001457a 4500
008 250710b |||||||| |||| 00| 0 eng d
020 _a0899574475
050 _aBS475.2
_b.W67
100 _aVos Howard
245 _aConcise Introduction to the Bible
260 _aChattanooga
_bAMG Publishers
_c2004
300 _a375p.
650 _aBible- Introduction
942 _cBK
999 _c4256
_d4256